| 000 | 00774nam a2200181 i 4500 | ||
|---|---|---|---|
| 001 | 152476 | ||
| 003 | ES-MaACL | ||
| 005 | 20250603174235.0 | ||
| 008 | 931025s1888 sp |||| | spa d | ||
| 100 | 1 |
_aBotella, Cristóbal, _d1867-1921 _930745 |
|
| 245 | 1 | 3 |
_aEl problema de la emigración _b: Memoria / _cpor Cristobal Botella. |
| 260 |
_aMadrid : _b[s.n.], _c1888 ( _fTip. de los Huerfanos) |
||
| 300 |
_a256 p. ; _c26 cm. |
||
| 500 | _aMemoria premiada con accésit por la Real Academia de Ciencias Morales y Políticas, en el concurso ordinario de 1836. | ||
| 651 | 7 |
_aEspaña- _xEmigración _2 _9147695 |
|
| 852 |
_aES-MaACL _jF-M-III-O (VII) _z-- Enc. pasta española _q-- Falto de la cub. original _z-- Enc. en un vol. facticio |
||
| 999 |
_c152476 _d152476 |
||